000 00916nam a2200265Ia 4500
003 OSt
005 20220923211520.0
006 a|||||r|||| 00| 0
007 ta
008 220922b |||||||| |||| 00| 0 hin d
020 _a9789380633350 (hbk)
_c450
024 _a289,659
037 _b100, 09/03/2016, Mallika Books
_cTextual
040 _aARTS
_cARTS
_bhin
041 _2hin
_ahin
082 _aO152vN, Q5
100 _aनिशा देवी
245 0 _aहिन्दी साहित्य का आधुनिक काल
246 _aHindī sāhitya kā ādhunik kāla
260 _aदिल्ली
_b साद पब्लिकेशंस
_c2015
300 _a197पृ.
_ccm.
650 _aहिन्दी साहित्य
_9156264
942 _hO152vN, Q5
_cTEXL
_2CC
999 _c300300
_d300300